Music Quiz

Random Music or Bands Quiz
Score 0/25 Timer 07:00
0 Plays Today
% Correct
The Rise and Fall of Ziggy Stardust and the Spiders from Mars
96.4%
Exile on Main Street
95.5%
Harvest
92.7%
Lady Sings the Blues
87.3%
The Divine Miss M
87.3%
Thick as a Brick
86.4%
Honky Chateau
86.4%
Super Fly
84.5%
Machine Head
81.8%
Young, Gifted and Black
78.2%
Talking Book
75.5%
Made in Japan
72.7%
Eat a Peach
70.9%
% Correct
Transformer
70.9%
Some Time in New York City
69.1%
Can't Buy a Thrill
65.5%
Seventh Sojourn
64.5%
A Song for You
63.6%
Never a Dull Moment
59.1%
No Secrets
48.2%
Toulouse Street
47.3%
Jesus Was a Capricorn
43.6%
Smokin'
40.9%
Sailin' Shoes
38.2%
Heads & Tales
35.5%
Remove Ads.
Support Sporcle.
Get the best of Sporcle when you Go Orange. This ad-free experience offers more features, more stats, and more fun while also helping to support Sporcle. Thank you for becoming a member.

You're not logged in!

Compare scores with friends on all Sporcle quizzes.
OR
Log In

Show Comments

Extras

Top Quizzes Today


Score Distribution

Your Account Isn't Verified!

In order to create a playlist on Sporcle, you need to verify the email address you used during registration. Go to your Sporcle Settings to finish the process.

Report this User

Report this user for behavior that violates our Community Guidelines.

Details: